|
|
|
|
| LEADER |
00000nab a2200000 a 4500 |
| 001 |
vtls000898879 |
| 003 |
SK-MaSNL |
| 005 |
20260303210835.0 |
| 008 |
040720e19981102xo 0 slo |
| 035 |
|
|
|a KE7885
|
| 040 |
|
|
|a KEVKJB
|b slo
|c KEVKJB
|e AACR2
|
| 041 |
0 |
|
|a slo
|
| 044 |
|
|
|a xo
|c SK
|
| 080 |
|
|
|a 669.1
|2 1981
|
| 100 |
0 |
|
|a pit
|4 aut
|9 877320
|
| 245 |
1 |
0 |
|a Personálne zmeny v orgánoch spoločnosti
|b Mimoriadne valné zhromaždenia vedúcich obchodných spoločností VSŽ HOLDING, a.s.
|
| 610 |
2 |
7 |
|a Východoslovenské železiarne Holding (Košice, Slovensko)
|b Oceľ
|2 KEVKJB
|9 31320
|
| 650 |
0 |
7 |
|a obchodné spoločnosti
|2 KEVKJB
|9 3650
|
| 650 |
0 |
7 |
|a valné zhromaždenia
|2 KEVKJB
|9 49799
|
| 650 |
0 |
7 |
|a zmeny personálne
|2 KEVKJB
|9 873347
|
| 650 |
0 |
7 |
|a menovite
|2 KEVKJB
|9 873510
|
| 650 |
0 |
7 |
|a informácie
|2 KEVKJB
|9 1285
|
| 651 |
|
7 |
|a Košice (Slovensko)
|2 KEVKJB
|9 18694
|
| 651 |
|
7 |
|a KE,
|2 KEVKJB
|9 877256
|
| 655 |
|
7 |
|a periodikum
|2 snkbucl
|9 29553
|
| 710 |
2 |
|
|a Východoslovenské železiarne Holding (Košice, Slovensko)
|4 aut
|9 29927
|
| 773 |
0 |
8 |
|t Košický večer
|g Roč. 9
|g Roč. 30, č.210, 2.11.1998, s. 1,2
|
| 852 |
|
|
|a ZVYKNI
|b KIS3GCP
|
| 999 |
|
|
|c 2202017
|d 2203947
|